00591 2200193 4500001002100000005001500021035002000036245008800056100001600144250002000160300005300180856003100233700002600264260003500290082001900325084002500344020001600369600001200385INLIS00000000000289220220110111246 a0010-01220000731 aSeks Dan Kekerasan pada Zaman Kolonial :bPenelusuran Kepustakaan Sejarah /cSuyono0 aR.P. Suyono aCetakan pertama aix + 384 hal. :bIlustrasi ;c21x15 cmemonograf aPerpustakaan umum makassar0 aEditor ; Arif Priyadi aJakarta :bPT. Grasindo,c2005 a900.598.Seks.s a900.598.Seks.s R.P s a979759071-2 4aSejarah